| 000 | 01046nam a2200217Ia 4500 | ||
|---|---|---|---|
| 001 | 11335 | ||
| 003 | GE_BSU | ||
| 008 | 181216s||||||||xx |||||||||||||| ||und|| | ||
| 040 | _cGE_BSU | ||
| 080 | _a63(076.5) | ||
| 100 | _aკელენჯერიძე კ.ბ. | ||
| 245 | _aსასოფლო–სამეურნეო მეტეოროლოგიისა და კლიმატოლოგიის პრაქტიკული სახელმძღვანელო ნაწ.II | ||
| 245 | _cრედ: კ.ბ. კელენჯერიძე | ||
| 260 | _aთბილისი | ||
| 260 | _bსას–სამ. ინ–ტის გამ–ბა. | ||
| 260 | _c1958 | ||
| 300 | _a225გვ.24სმ. | ||
| 300 | _eცხრილები | ||
| 653 | _aსასოფლო–სამეურნეო მეტეოროლოგიისა და კლიმატოლოგიის პრაქტიკული სახელმძღვანელო ნაწ.II | ||
| 942 | _cBK | ||
| 999 |
_c44532 _d44532 |
||